| 000 | 00465nam a2200181Ia 4500 | ||
|---|---|---|---|
| 005 | 20251020182559.0 | ||
| 008 | 200515s9999 xx 000 0 und d | ||
| 082 | _aSC/331.822/.823/M79 | ||
| 110 | _aInstituto de Capacitación de la Industria de la Construcción | ||
| 245 | 0 | _aBásico de Seguridad e Higiene | |
| 260 | _aMéxico D.F. | ||
| 260 | _c1985 | ||
| 300 | _a54 | ||
| 650 | _aCONSTRUCCION | ||
| 650 | _aSEGURIDAD | ||
| 650 | _aTRABAJO | ||
| 942 | _cLIB | ||
| 999 |
_c3002 _d3002 |
||